000 00668nam a2200205 i 4500
001 20107
003 ES-MaACL
005 20230906152233.0
007 t|
008 021128s2002 sp a |||| | spa d
020 _a84-922658-2-5
080 _a336.74(460)"18/19"
100 1 _aAledón, José María.
_919664
245 1 0 _aHistoria de la peseta /
_cJosé María Aledón.
260 _aMadrid :
_bReal Casa de la Moneda-FNMT ;
_a[Valencia] :
_bDobler Difusiones,
_c[2002]
300 _a158 p. :
_bil. ;
_c22 cm.
650 4 _aMoneda-
_zEspaña-
_vHistoria.
_9147766
710 2 _aFábrica Nacional de Moneda y Timbre (España)
_9157039
852 4 _aES-MaACL
_jL-26030
999 _c20107
_d20107